00600nam a22001697a 4500003000400000008004100004082001700045100002400062245013600086260003200222300001000254502001500264650001300279942001100292999001700303952011000320OSt260508b |||||||| |||| 00| 0 eng d a633.11bR95S aRoy, Aditya Narayan aStudies to Assess the Yield Potential of New Wheat (Triticum aestivium L.) Varieties under Varying Levels of Fertiliser Application aPusa, SamastipurbRAUc1987 a113P. bMsc.d1987 aAgronomy 2ddccT c50512d50512 00102ddc4070aRAUbRAUd2026-05-08eBy Authorsl0o633.11 R95Sp40865r2026-05-08w2026-05-08yTkGift